000 00562nam a2200217Ia 4500
005 20241129115606.0
008 241129s9999||||xx |||||||||||||| ||und||
020 _a9783110600964
037 _aTB
040 _aSDCL
_beng
_cSDCL
041 _aeng
_2eng
084 _aB313N R0
_qSDCL
100 _aMarkin Marat V.
_9727845
245 0 _aElementary operator theory
260 _aBerlin
_bWalter De Gruyter
_c2020
300 _axv,410p.
365 _aEUR
_b68.95
650 _aMathematics
942 _cTB
_hB313N R0
999 _c1231125
_d1231125